Ideologies Quiz - Statistics

General Stats
  • This quiz has been taken 74 times
  • The average score is 8 of 26
Answer Stats
Answer % Correct
Communism
91%
Socialism
83%
Fascism
70%
Liberalism
67%
Capitalism
63%
Anarchism
58%
Conservatism
55%
Nazism
44%
Nationalism
39%
Libertarianism
34%
Monarchism
31%
Social Democracy
27%
Authoritarianism
20%
Progressivism
19%
Feminism
14%
Environmentalism
8%
Syndicalism
8%
Ba’athism
5%
Colonialism
5%
Populism
5%
Zionism
5%
Third Way
3%
Pan Africanism
2%
Multiculturalism
0%
Pan Islamism
0%
Secularism
0%
No matching quizzes found
Score Distribution
Percent of People with Each Score
Percentile by Number Answered
Your Score History
You have not taken this quiz